| 000 | 01589 a2200229 4500 | ||
|---|---|---|---|
| 001 | 60337 | ||
| 005 | 20260407155853.0 | ||
| 008 | 260407a2001 arg spa d | ||
| 003 | AR-UNSa-BCEJYS | ||
| 040 |
_aAR-UNSa-BCEJYS _bspa _cAR-UNSa-BCEJYS |
||
| 080 |
_a35 _xAdministración Pública |
||
| 245 | 1 | 0 |
_aLa reforma managerialista del estado _pNueva gerencia pública, calidad total y tecnocracia |
| 020 | _a987-1076-00-2 | ||
| 264 | 1 |
_aBuenos Aires : _bEdiciones Cooperativas _c2001 |
|
| 300 |
_a180 p. _c21 cm. |
||
| 505 | _a1. El peligro del institucionalismo ingenuo: Las reformas del Estado de "segunda generación" / Fabián Calle y Alejandro M. Estevez - 2. Una comparación entre la teoría del Nuevo Management Público y la Gestión de la Calidad total / Alejandro M. Estevez – 3. El Nuevo Management Público y su intento de aplicación en la Argentina / Alejandro M. Estevez y Débora Lopreite – 4. El subsidio a la educación privada en Argentina y Chile: un Estudio Comparativo / Juan Doberti – 5. Reforma del Estado: Tecnoburocracia y tipos culturales / Gustavo Blutman – 6. La viabilidad de la convertibilidad; una perspectiva política / Fabián Calle y Alejandro M. Estevez – 7. El sistema de las coaliciones defensoras; un estudio de políticas públicas aplicado a l convertibilidad / Alejandro M. Estevez y Horacio Minotti - | ||
| 041 | _aspa | ||
| 942 | _cBK | ||
| 590 | _aniveau_biblio:m niveau_hierar:0 | ||
| 100 | 1 | _aEstévez, Alejandro M. | |
| 856 | 4 | 1 |
_uhttps://www.biblioeco.unsa.edu.ar/pmb/images/libros/L129086.jpg _yImagen de portada _qimage/jpeg |
| 999 |
_c6908 _d6908 |
||